000 00270nam a22000977a 4500
008 160505b xxu||||| |||| 00| 0 eng d
041 _aeng
080 _a611
245 _aDynamic anatomy and physiology:
_cL.L. Langley; Ira R. Telford; John B. Christensen;
942 _2udc
_cBK
999 _c1804
_d1804